[Event "NB II. Szechenyi csoport"]
[Site "Szombathely"]
[Date "2023.10.08"]
[Round "1.10"]
[White "Szalay, Istvan"]
[Black "Soos, David"]
[Result "0-1"]
[WhiteElo "1476"]
[BlackElo "1818"]
[PlyCount "78"]
[EventDate "2023.10.08"]
[EventType "team-tourn"]
[EventRounds "9"]
[EventCountry "HUN"]
[Source "chess.hu"]
[WhiteTeam "Arboretum Hereny SE"]
[BlackTeam "Sentimento Ajka BSK "]
[WhiteTeamCountry "HUN"]
[BlackTeamCountry "HUN"]

1. e4 c5 2. Nf3 d6 3. d4 cxd4 4. Nxd4 Nf6 5. Nc3 a6 6. h3 e5 7. Nf3 Be7 8. Bc4
O-O 9. O-O Be6 10. Bd3 Qc7 11. Bg5 b5 12. Nd2 Nc6 13. Ne2 Rfd8 14. a3 d5 15. f3
Nh5 16. Bxe7 Qxe7 17. g4 Nf4 18. Nxf4 exf4 19. c3 Qh4 20. Qe1 Qxh3 21. Qf2 Rac8
22. Rac1 Ne5 23. Be2 h5 24. gxh5 Qxh5 25. Qh2 Qxh2+ 26. Kxh2 g5 27. Rg1 f6 28.
Kg2 Kg7 29. Rh1 Rh8 30. Rxh8 Rxh8 31. a4 dxe4 32. Nxe4 bxa4 33. Bxa6 Rb8 34.
Rc2 Bd5 35. c4 Bc6 36. Kf2 Nd3+ 37. Ke2 Bxe4 38. fxe4 Nb4 39. e5 Nxc2 0-1

[Event "NB II. Szechenyi csoport"]
[Site "Szombathely"]
[Date "2023.10.08"]
[Round "1.11"]
[White "Vincze, Otto"]
[Black "Vasenszky, Kata Sara"]
[Result "1/2-1/2"]
[WhiteElo "1684"]
[BlackElo "1142"]
[PlyCount "62"]
[EventDate "2023.10.08"]
[EventType "team-tourn"]
[EventRounds "9"]
[EventCountry "HUN"]
[Source "chess.hu"]
[WhiteTeam "Sentimento Ajka BSK "]
[BlackTeam "Arboretum Hereny SE"]
[WhiteTeamCountry "HUN"]
[BlackTeamCountry "HUN"]

1. e4 c6 2. d4 d5 3. e5 Bf5 4. Ne2 e6 5. Ng3 Bg6 6. h4 h6 7. h5 Bh7 8. c3 a6 9.
Nd2 Ne7 10. Nf3 c5 11. Bd3 Bxd3 12. Qxd3 Nec6 13. O-O Be7 14. dxc5 Bxc5 15. b4
Bb6 16. Rb1 Nd7 17. Bf4 Qb8 18. Rfe1 Bc7 19. Qe3 Nb6 20. Rbd1 Nc4 21. Qe2 O-O
22. Rd4 Nxd4 23. cxd4 b5 24. Qc2 Na3 25. Qc1 Nc4 26. Bxh6 Bd8 27. Bf4 g6 28.
Bh6 Be7 29. Bxf8 Qxf8 30. Qf4 Bxb4 31. Rf1 Ra7 1/2-1/2

[Event "NB II. Szechenyi csoport"]
[Site "Aszar"]
[Date "2023.10.08"]
[Round "1.1"]
[White "Jonas, Zsolt"]
[Black "Sebestyen, Gabor"]
[Result "0-1"]
[WhiteElo "2035"]
[BlackElo "2174"]
[PlyCount "50"]
[EventDate "2023.10.08"]
[EventType "team-tourn"]
[EventRounds "9"]
[EventCountry "HUN"]
[Source "chess.hu"]
[WhiteTeam "Ezust Huszar SE"]
[BlackTeam "SE Kisber-Aszar"]
[WhiteTeamCountry "HUN"]
[BlackTeamCountry "HUN"]

1. e4 e5 2. Nf3 Nc6 3. d4 exd4 4. Bc4 Bc5 5. c3 Nf6 6. O-O d6 7. cxd4 Bb6 8. d5
Ne5 9. Nxe5 dxe5 10. Bg5 O-O 11. Nc3 Qd6 12. Qd3 a6 13. h3 Nh5 14. g4 Qg6 15.
Be7 Nf4 16. Qg3 Re8 17. Bh4 h5 18. gxh5 Nxh3+ 19. Kh2 Qxh5 20. Be2 Qh6 21. Bg4
Bxg4 22. Qxg4 Nxf2 23. Qg3 Nd3 24. Rf5 Nf4 25. Kh1 Ng6 0-1

[Event "NB II. Szechenyi csoport"]
[Site "Aszar"]
[Date "2023.10.08"]
[Round "1.2"]
[White "Sarok, Peter"]
[Black "Domonkos, Daniel"]
[Result "1-0"]
[WhiteElo "2048"]
[BlackElo "1978"]
[PlyCount "171"]
[EventDate "2023.10.08"]
[EventType "team-tourn"]
[EventRounds "9"]
[EventCountry "HUN"]
[Source "chess.hu"]
[WhiteTeam "SE Kisber-Aszar"]
[BlackTeam "Ezust Huszar SE"]
[WhiteTeamCountry "HUN"]
[BlackTeamCountry "HUN"]

1. Nf3 d5 2. d4 c5 3. c4 Nf6 4. dxc5 e6 5. a3 Bxc5 6. Nc3 dxc4 7. Qxd8+ Kxd8 8.
e3 Ke7 9. Bxc4 Nc6 10. b4 Bb6 11. Bb2 Rd8 12. Ke2 Bd7 13. h3 a6 14. g4 h6 15.
Rhg1 Rac8 16. Bb3 g5 17. Rac1 Ba7 18. Rgd1 Be8 19. Nd2 Nd7 20. Nc4 Bb8 21. Ne4
b5 22. Ncd6 Bxd6 23. Nxd6 Rc7 24. a4 bxa4 25. Bxa4 Nb6 26. Nxe8 Rxd1 27. Bf6+
Kxe8 28. Bxc6+ Rdd7 29. Bxd7+ Rxd7 30. Rc6 Rb7 31. Bd4 Nd5 32. Rxa6 Rxb4 33.
Ra8+ Kd7 34. Rf8 Rxd4 35. exd4 Ke7 36. Rh8 Nf4+ 37. Kf3 Nxh3 38. Rxh6 Nf4 39.
Rh8 Kf6 40. Ra8 Nd5 41. Ke4 Nc3+ 42. Kd3 Nd5 43. Rg8 Nf4+ 44. Ke4 Nd5 45. Rc8
Nf4 46. Rc5 Kg6 47. Ra5 Kf6 48. Ra3 Ke7 49. Ke5 Ng6+ 50. Ke4 Nf4 51. Rf3 Nd5
52. Ke5 Kf8 53. Kd6 Kg7 54. Rb3 Kg6 55. Rb5 Nc3 56. Re5 Kf6 57. Kd7 Nd1 58. Re1
Nc3 59. Ke8 Nb5 60. Rd1 Kg7 61. Rd3 Nc7+ 62. Kd7 Nd5 63. Rf3 Nf6+ 64. Ke7 Nd5+
65. Kd6 Nf6 66. Kc6 Kg6 67. Rg3 Ne4 68. Rg2 Nf6 69. f3 Nd5 70. Re2 Kf6 71. Re5
Nb4+ 72. Kd6 Nd3 73. Ra5 Ne1 74. Ra2 Nd3 75. Ra5 Ne1 76. Ra1 Nc2 77. Rd1 Ne3
78. Rc1 Nd5 79. Rc5 Nf4 80. Kc6 Kg6 81. Kd7 Nd3 82. Ke8 Ne1 83. Rc3 f5 84. Ke7
Ng2 85. Kxe6 Nf4+ 86. Ke5 1-0

[Event "NB II. Szechenyi csoport"]
[Site "Aszar"]
[Date "2023.10.08"]
[Round "1.3"]
[White "Domonkos, Andras"]
[Black "Dekany, Lajos"]
[Result "1-0"]
[WhiteElo "1943"]
[BlackElo "1979"]
[PlyCount "69"]
[EventDate "2023.10.08"]
[EventType "team-tourn"]
[EventRounds "9"]
[EventCountry "HUN"]
[Source "chess.hu"]
[WhiteTeam "Ezust Huszar SE"]
[BlackTeam "SE Kisber-Aszar"]
[WhiteTeamCountry "HUN"]
[BlackTeamCountry "HUN"]

1. c4 f5 2. Nc3 Nf6 3. d4 g6 4. Nf3 Bg7 5. g3 O-O 6. Bg2 d6 7. O-O Qe8 8. Bf4
h6 9. h4 a5 10. Re1 Nc6 11. d5 e5 12. dxe6 Bxe6 13. Nd5 Qf7 14. Nxc7 Qxc7 15.
Bxd6 Qd7 16. Bxf8 Qxd1 17. Raxd1 Kxf8 18. Nd4 Nxd4 19. Rxd4 Ne4 20. Rdd1 Bxb2
21. Bxe4 fxe4 22. Rb1 Bc3 23. Rec1 Bd2 24. Rc2 e3 25. Rxb7 Rc8 26. c5 Bf5 27.
Rc4 h5 28. f3 Bb4 29. g4 hxg4 30. fxg4 Be6 31. Rf4+ Ke8 32. Re4 Rc6 33. Rb6
Rxb6 34. cxb6 Kd7 35. b7 1-0

[Event "NB II. Szechenyi csoport"]
[Site "Aszar"]
[Date "2023.10.08"]
[Round "1.4"]
[White "Somody, Robert"]
[Black "Major, Robert"]
[Result "0-1"]
[WhiteElo "2007"]
[BlackElo "1815"]
[PlyCount "120"]
[EventDate "2023.10.08"]
[EventType "team-tourn"]
[EventRounds "9"]
[EventCountry "HUN"]
[Source "chess.hu"]
[WhiteTeam "SE Kisber-Aszar"]
[BlackTeam "Ezust Huszar SE"]
[WhiteTeamCountry "HUN"]
[BlackTeamCountry "HUN"]

1. d4 d5 2. Bf4 Bf5 3. e3 e6 4. c4 c6 5. Nc3 Bd6 6. Bg3 Nf6 7. Qb3 Bxg3 8. hxg3
Qb6 9. c5 Qc7 10. Nf3 h6 11. Ne5 Nbd7 12. Nxd7 Nxd7 13. f4 f6 14. Be2 O-O-O 15.
Qa3 a6 16. b4 Nb8 17. Qb2 e5 18. O-O exd4 19. exd4 Rhe8 20. Rfe1 Re3 21. Kf2
Rde8 22. Bf1 Rxe1 23. Rxe1 Rxe1 24. Kxe1 Bg4 25. Kf2 g5 26. Qd2 Kd8 27. Be2
Bxe2 28. Qxe2 gxf4 29. g4 Qe7 30. Kf3 Nd7 31. Kxf4 Nf8 32. Kf5 Qh7+ 33. Kf4 Kd7
34. Qd2 Qg6 35. Kf3 Ne6 36. Qe3 h5 37. gxh5 Qxh5+ 38. Kg3 Ng7 39. Kf2 Qh4+ 40.
g3 Qh2+ 41. Ke1 Nf5 42. Qf4 Qxg3+ 43. Qxg3 Nxg3 44. a4 Ne4 45. Nd1 Ke6 46. Ke2
Kf5 47. Ne3+ Kf4 48. Ng2+ Kg5 49. Ke3 Nc3 50. Nf4 Kf5 51. Nh5 Kg6 52. Nf4+ Kf7
53. a5 f5 54. Kd2 Nb5 55. Ke3 Nc7 56. Nd3 Ne6 57. Ne5+ Kf6 58. Nf3 f4+ 59. Kd3
Kf5 60. Nd2 Kg4 0-1

[Event "NB II. Szechenyi csoport"]
[Site "Aszar"]
[Date "2023.10.08"]
[Round "1.5"]
[White "Szunyogh, Istvan"]
[Black "Salamon, Peter"]
[Result "0-1"]
[WhiteElo "1786"]
[BlackElo "1949"]
[PlyCount "78"]
[EventDate "2023.10.08"]
[EventType "team-tourn"]
[EventRounds "9"]
[EventCountry "HUN"]
[Source "chess.hu"]
[WhiteTeam "Ezust Huszar SE"]
[BlackTeam "SE Kisber-Aszar"]
[WhiteTeamCountry "HUN"]
[BlackTeamCountry "HUN"]

1. c4 e5 2. Nc3 Nc6 3. Nf3 Nf6 4. g3 d6 5. Bg2 Be7 6. O-O Bg4 7. Re1 Qd7 8. d4
Bxf3 9. Bxf3 Nxd4 10. Bxb7 Rb8 11. Bg2 O-O 12. b3 h6 13. e3 Ne6 14. Qd2 Ng5 15.
Nd5 Bd8 16. Nxf6+ Bxf6 17. Bb2 Qf5 18. Rad1 e4 19. Bxf6 Nf3+ 20. Bxf3 exf3 21.
Qd5 Qxf6 22. Rd2 Rfe8 23. Qd3 Re5 24. Red1 Rbe8 25. Qf1 Qf5 26. h3 h5 27. Rd4
Re4 28. Rd5 R8e5 29. Kh2 h4 30. g4 Qf6 31. Qd3 g6 32. Qc3 Kh7 33. Ra5 Qe6 34.
Rxa7 Rxe3 35. Rd3 Rxd3 36. Qxd3 Qf6 37. Qd1 Qf4+ 38. Kg1 Re2 39. Ra8 Qe5 0-1

[Event "NB II. Szechenyi csoport"]
[Site "Aszar"]
[Date "2023.10.08"]
[Round "1.6"]
[White "Gonczol, Gabor"]
[Black "Matyi, Attila"]
[Result "1-0"]
[WhiteElo "1960"]
[BlackElo "1888"]
[PlyCount "91"]
[EventDate "2023.10.08"]
[EventType "team-tourn"]
[EventRounds "9"]
[EventCountry "HUN"]
[Source "chess.hu"]
[WhiteTeam "SE Kisber-Aszar"]
[BlackTeam "Ezust Huszar SE"]
[WhiteTeamCountry "HUN"]
[BlackTeamCountry "HUN"]

1. Nf3 d5 2. d4 Bf5 3. g3 e6 4. Bg2 Nf6 5. O-O Be7 6. Nbd2 h6 7. b3 O-O 8. Bb2
Nbd7 9. c4 c6 10. Ne5 Rc8 11. Rc1 Bh7 12. e3 Nxe5 13. dxe5 Nd7 14. f4 Qa5 15.
a3 b5 16. b4 Qd8 17. cxd5 cxd5 18. Qe2 Qb6 19. Nb3 a6 20. Bd4 Qb8 21. e4 Bxe4
22. Bxe4 dxe4 23. Qxe4 Rxc1 24. Rxc1 Rc8 25. Rc6 Qa8 26. Na5 Bf8 27. Qc2 Rxc6
28. Qxc6 Qxc6 29. Nxc6 f6 30. Nd8 fxe5 31. fxe5 g5 32. Nxe6 Kf7 33. Nc7 Nb8 34.
Kf2 Ke7 35. Bc5+ Kf7 36. Bxf8 Kxf8 37. Kf3 Nc6 38. Ke4 a5 39. bxa5 Nxa5 40.
Nxb5 Kf7 41. Kd5 Ke7 42. g4 Kd7 43. e6+ Ke7 44. Nd4 Kf6 45. a4 Nb7 46. Nc6 1-0

[Event "NB II. Szechenyi csoport"]
[Site "Aszar"]
[Date "2023.10.08"]
[Round "1.7"]
[White "Juhasz, Nagy Sandor"]
[Black "Farkas, Ferenc"]
[Result "0-1"]
[WhiteElo "1750"]
[BlackElo "1765"]
[PlyCount "98"]
[EventDate "2023.10.08"]
[EventType "team-tourn"]
[EventRounds "9"]
[EventCountry "HUN"]
[Source "chess.hu"]
[WhiteTeam "Ezust Huszar SE"]
[BlackTeam "SE Kisber-Aszar"]
[WhiteTeamCountry "HUN"]
[BlackTeamCountry "HUN"]

1. d4 d5 2. c4 c6 3. Nf3 g6 4. Nc3 Bg7 5. e3 Nf6 6. Bd3 O-O 7. O-O Nbd7 8. e4
dxe4 9. Nxe4 Nxe4 10. Bxe4 Nb6 11. b3 Bg4 12. Bb2 Qc7 13. h3 Bxf3 14. Bxf3 Rad8
15. c5 Nd5 16. Qc2 Rd7 17. Rfd1 Rfd8 18. Rd2 Nb4 19. Qc4 Nd5 20. g3 e6 21. Bxd5
Rxd5 22. Rad1 e5 23. Bc3 e4 24. Qe2 Bh6 25. Qxe4 Bxd2 26. Rxd2 Qd7 27. Kg2 Re8
28. Qg4 Qxg4 29. hxg4 f6 30. f3 Kf7 31. Kf2 Rdd8 32. Re2 Rxe2+ 33. Kxe2 Ke6 34.
Kd3 Kd5 35. Bd2 Ra8 36. b4 b6 37. Bc3 Rh8 38. Bd2 h5 39. g5 h4 40. gxh4 Rxh4
41. gxf6 Rxd4+ 42. Ke3 Rh4 43. cxb6 axb6 44. Bc3 Ke6 45. Bd4 b5 46. f4 Rh2 47.
Be5 Rxa2 48. Kd4 Rc2 49. Kd3 Rc4 0-1

[Event "NB II. Szechenyi csoport"]
[Site "Aszar"]
[Date "2023.10.08"]
[Round "1.8"]
[White "Erdei, Lajos Jr"]
[Black "Lukacs, Imre"]
[Result "1-0"]
[WhiteElo "1893"]
[BlackElo "1699"]
[PlyCount "95"]
[EventDate "2023.10.08"]
[EventType "team-tourn"]
[EventRounds "9"]
[EventCountry "HUN"]
[Source "chess.hu"]
[WhiteTeam "SE Kisber-Aszar"]
[BlackTeam "Ezust Huszar SE"]
[WhiteTeamCountry "HUN"]
[BlackTeamCountry "HUN"]

1. e4 c5 2. Nf3 e6 3. d4 cxd4 4. Nxd4 Nc6 5. Nb5 d6 6. N1c3 a6 7. Nd4 Nf6 8.
Be3 Be7 9. f3 O-O 10. Qd2 d5 11. exd5 Nxd5 12. Nxd5 exd5 13. Bd3 Re8 14. O-O
Ne5 15. Rad1 Nc4 16. Bxc4 dxc4 17. Qc3 Qc7 18. Rfe1 Bd7 19. Bf2 Bf6 20. Qb4
Rxe1+ 21. Rxe1 b5 22. Qd2 Rd8 23. c3 h6 24. Bg3 Qc5 25. Bf2 Qc7 26. Re2 Bf5 27.
Qe1 Bd3 28. Re8+ Kh7 29. Rxd8 Qxd8 30. Nc6 Qd6 31. Nd4 Qd7 32. Qe3 a5 33. a3
Be7 34. Qe5 b4 35. Qxa5 bxa3 36. bxa3 Qb7 37. Qb5 Qc8 38. a4 Bc5 39. a5 Bxd4
40. Bxd4 f6 41. h3 Qe6 42. Qb6 Qe1+ 43. Kh2 Bf1 44. Qb2 Qe6 45. Qb1+ Bd3 46.
Qb6 Qe1 47. a6 Bf1 48. Qb2 1-0

[Event "NB II. Szechenyi csoport"]
[Site "Aszar"]
[Date "2023.10.08"]
[Round "1.9"]
[White "Geroly, Jozsef"]
[Black "Redl, Tibor"]
[Result "0-1"]
[WhiteElo "1667"]
[BlackElo "1880"]
[PlyCount "62"]
[EventDate "2023.10.08"]
[EventType "team-tourn"]
[EventRounds "9"]
[EventCountry "HUN"]
[Source "chess.hu"]
[WhiteTeam "Ezust Huszar SE"]
[BlackTeam "SE Kisber-Aszar"]
[WhiteTeamCountry "HUN"]
[BlackTeamCountry "HUN"]

1. Nf3 d5 2. g3 c5 3. Bg2 Nc6 4. d4 Bf5 5. O-O e6 6. c3 Nf6 7. Nbd2 cxd4 8.
Nxd4 Bg6 9. Nxc6 bxc6 10. Qa4 Qc7 11. e4 Be7 12. exd5 exd5 13. c4 Rd8 14. cxd5
Nxd5 15. Nc4 O-O 16. Be3 Bd3 17. Rfd1 Bxc4 18. Qxc4 Nxe3 19. fxe3 Qb6 20. Rxd8
Qxe3+ 21. Kh1 Rxd8 22. Bxc6 Bf6 23. Bd5 Qe7 24. Rd1 h5 25. b4 h4 26. Kg2 hxg3
27. hxg3 g6 28. Rh1 Qe5 29. Bxf7+ Kg7 30. Rf1 Qe3 31. Bd5 Qd2+ 0-1

[Event "NB II. Szechenyi csoport"]
[Site "Aszar"]
[Date "2023.10.08"]
[Round "1.10"]
[White "Feher, Lajos"]
[Black "Forgacs, Andras"]
[Result "0-1"]
[WhiteElo "1502"]
[BlackElo "1585"]
[PlyCount "112"]
[EventDate "2023.10.08"]
[EventType "team-tourn"]
[EventRounds "9"]
[EventCountry "HUN"]
[Source "chess.hu"]
[WhiteTeam "SE Kisber-Aszar"]
[BlackTeam "Ezust Huszar SE"]
[WhiteTeamCountry "HUN"]
[BlackTeamCountry "HUN"]

1. e4 c5 2. c3 d5 3. exd5 Qxd5 4. d4 e6 5. Nf3 Nf6 6. Be2 Nc6 7. O-O Be7 8. Na3
Qd8 9. Bf4 O-O 10. Nc4 cxd4 11. cxd4 Nd5 12. Bg3 Re8 13. Rc1 a6 14. Nfe5 Nxe5
15. Nxe5 Bd6 16. Bh5 Rf8 17. Qf3 Nf6 18. Bh4 Be7 19. Rc3 Qxd4 20. Bg3 Nxh5 21.
Qxh5 Qd2 22. Rd1 Qg5 23. Qe2 Bf6 24. Rd4 Qf5 25. Rf3 Qh5 26. h3 b5 27. Qd3 Bxe5
28. Rh4 Qg6 29. Qxg6 hxg6 30. Bxe5 Bb7 31. Rd3 Bd5 32. a3 Rac8 33. Rhd4 Rc2 34.
h4 Rfc8 35. Rh3 Re2 36. Bf4 Rxb2 37. h5 gxh5 38. Rxh5 Rcc2 39. Be3 Rc4 40. Rd3
Rg4 41. Rhxd5 exd5 42. Rxd5 Ra4 43. Bc5 Rb3 44. Kf1 a5 45. Rd7 Re4 46. g3 b4
47. axb4 axb4 48. Rb7 Rb1+ 49. Kg2 b3 50. Kf3 Rc4 51. Be3 Rc3 52. Ke4 b2 53.
Bd2 Ra3 54. Kd4 Rf3 55. Be3 Rd1+ 56. Ke4 Rxe3+ 0-1

[Event "NB II. Szechenyi csoport"]
[Site "Keszthely"]
[Date "2023.10.08"]
[Round "1.1"]
[White "Boronyak, Arpad"]
[Black "Pinterne, Kovacs Marta"]
[Result "1-0"]
[WhiteElo "2039"]
[BlackElo "2099"]
[PlyCount "79"]
[EventDate "2023.10.08"]
[EventType "team-tourn"]
[EventRounds "9"]
[EventCountry "HUN"]
[Source "chess.hu"]
[WhiteTeam "Z. Baki Agrocentrum"]
[BlackTeam "Spartacus Sportkor"]
[WhiteTeamCountry "HUN"]
[BlackTeamCountry "HUN"]

1. e4 c5 2. Nc3 Nc6 3. f4 g6 4. Nf3 Bg7 5. Bc4 e6 6. O-O Nge7 7. d3 a6 8. a4 d5
9. Bb3 O-O 10. Qe1 Nd4 11. Nxd4 cxd4 12. Ne2 dxe4 13. dxe4 d3 14. Nc3 dxc2 15.
Bxc2 Nc6 16. Be3 b6 17. Qf2 Rb8 18. Rad1 Qc7 19. e5 f5 20. Rd6 Re8 21. a5 b5
22. Bb6 Qxd6 23. exd6 Rxb6 24. Rd1 Rb7 25. Qc5 Bd7 26. Bb3 Nxa5 27. Ba2 Rc8 28.
Qa3 b4 29. Qxa5 bxc3 30. bxc3 Bxc3 31. Qxa6 Rb2 32. Qa7 Rd8 33. Bxe6+ Bxe6 34.
Qe7 Rbb8 35. Qxe6+ Kh8 36. d7 Bb4 37. h4 Kg7 38. h5 Bc3 39. hxg6 hxg6 40. Rd6
1-0

[Event "NB II. Szechenyi csoport"]
[Site "Keszthely"]
[Date "2023.10.08"]
[Round "1.2"]
[White "Rezsek, Gyozo"]
[Black "Bardossi, Jeno"]
[Result "1/2-1/2"]
[WhiteElo "1995"]
[BlackElo "2044"]
[PlyCount "55"]
[EventDate "2023.10.08"]
[EventType "team-tourn"]
[EventRounds "9"]
[EventCountry "HUN"]
[Source "chess.hu"]
[WhiteTeam "Spartacus Sportkor"]
[BlackTeam "Z. Baki Agrocentrum"]
[WhiteTeamCountry "HUN"]
[BlackTeamCountry "HUN"]

1. d4 Nf6 2. c4 e6 3. a3 Ne4 4. Nd2 d5 5. Nxe4 dxe4 6. Bf4 Bd6 7. g3 O-O 8. Bg2
f5 9. e3 Bxf4 10. gxf4 Nd7 11. Ne2 Nb6 12. Qc2 Bd7 13. Ng3 Qe7 14. f3 exf3 15.
Bxf3 Rab8 16. b4 Rf6 17. Rc1 Nc8 18. Qg2 a5 19. c5 axb4 20. axb4 b6 21. O-O Be8
22. Rc3 bxc5 23. bxc5 Qd8 24. Ra1 Ne7 25. Rca3 Nd5 26. Qd2 Bc6 27. Bg2 Qd7 28.
Ra7 1/2-1/2

[Event "NB II. Szechenyi csoport"]
[Site "Keszthely"]
[Date "2023.10.08"]
[Round "1.4"]
[White "Nemeth, Zsolt"]
[Black "Bali, Adam"]
[Result "0-1"]
[WhiteElo "1960"]
[BlackElo "1923"]
[PlyCount "130"]
[EventDate "2023.10.08"]
[EventType "team-tourn"]
[EventRounds "9"]
[EventCountry "HUN"]
[Source "chess.hu"]
[WhiteTeam "Spartacus Sportkor"]
[BlackTeam "Z. Baki Agrocentrum"]
[WhiteTeamCountry "HUN"]
[BlackTeamCountry "HUN"]

1. e4 e6 2. d4 d5 3. Nc3 Bb4 4. e5 c5 5. a3 Ba5 6. b4 cxd4 7. Qg4 Ne7 8. Nb5
Bc7 9. Nf3 Nbc6 10. Nxc7+ Qxc7 11. Bb5 a6 12. Bxc6+ Qxc6 13. O-O Qxc2 14. Nxd4
Qg6 15. Qf4 Bd7 16. Be3 O-O 17. Nf3 Qf5 18. Qg3 Ng6 19. Rfe1 Rfc8 20. Bc5 Qf4
21. Qh3 Qc4 22. Nd2 Qh4 23. Qe3 Qf4 24. a4 Qxe3 25. Rxe3 a5 26. g3 axb4 27.
Bxb4 Rxa4 28. Rxa4 Bxa4 29. f4 Nf8 30. Kf2 Nd7 31. Ra3 b5 32. Ke3 f6 33. exf6
gxf6 34. Kd4 Kf7 35. g4 Rg8 36. h3 Rc8 37. h4 h6 38. g5 fxg5 39. fxg5 hxg5 40.
hxg5 Kg6 41. Rg3 Rh8 42. Nf3 Bd1 43. Ne5+ Nxe5 44. Kxe5 Rh4 45. Be7 Re4+ 46.
Kd6 Bg4 47. Rb3 b4 48. Kc5 Rc4+ 49. Kb5 Be2 50. Ka5 d4 51. Rxb4 Rxb4 52. Kxb4
Kf5 53. Kb3 Bh5 54. Kc2 Ke4 55. Kd2 e5 56. Bd6 Kd5 57. Bc7 e4 58. Bb6 Kc4 59.
Kc2 e3 60. g6 Bxg6+ 61. Kd1 Bh5+ 62. Ke1 Kd3 63. Bc5 Ke4 64. Bb6 d3 65. Ba5 Kd5
0-1

[Event "NB II. Szechenyi csoport"]
[Site "Keszthely"]
[Date "2023.10.08"]
[Round "1.5"]
[White "Vas, Istvan"]
[Black "Szakaly, Laszlo"]
[Result "0-1"]
[WhiteElo "1972"]
[BlackElo "1844"]
[PlyCount "62"]
[EventDate "2023.10.08"]
[EventType "team-tourn"]
[EventRounds "9"]
[EventCountry "HUN"]
[Source "chess.hu"]
[WhiteTeam "Z. Baki Agrocentrum"]
[BlackTeam "Spartacus Sportkor"]
[WhiteTeamCountry "HUN"]
[BlackTeamCountry "HUN"]

1. e4 d6 2. d4 Nf6 3. Bd3 Nbd7 4. Ne2 e5 5. c3 Be7 6. O-O c6 7. h3 h6 8. f4 Qc7
9. Be3 b6 10. Nd2 Bb7 11. fxe5 dxe5 12. Nf3 O-O-O 13. a4 g5 14. Nxe5 Nxe5 15.
dxe5 Nd7 16. Rf5 c5 17. Qc1 Nxe5 18. Bc2 Nd3 19. Bxd3 Rxd3 20. Rxf7 Qe5 21. Rf3
Bxe4 22. Rg3 Rf8 23. b4 Bd6 24. bxc5 bxc5 25. a5 h5 26. Ra4 Bc6 27. Rd4 cxd4
28. cxd4 Qd5 29. Rxg5 Qe4 30. Bf4 Bxf4 31. Nxf4 Qxd4+ 0-1

[Event "NB II. Szechenyi csoport"]
[Site "Keszthely"]
[Date "2023.10.08"]
[Round "1.6"]
[White "Tamas, Gyorgy"]
[Black "Nemeth, Jozsef"]
[Result "1/2-1/2"]
[WhiteElo "1897"]
[BlackElo "1930"]
[PlyCount "24"]
[EventDate "2023.10.08"]
[EventType "team-tourn"]
[EventRounds "9"]
[EventCountry "HUN"]
[Source "chess.hu"]
[WhiteTeam "Spartacus Sportkor"]
[BlackTeam "Z. Baki Agrocentrum"]
[WhiteTeamCountry "HUN"]
[BlackTeamCountry "HUN"]

1. d4 d5 2. Nf3 Nf6 3. c4 e6 4. Bg5 c6 5. Nc3 Be7 6. e3 h6 7. Bh4 O-O 8. Rc1
Nbd7 9. Bd3 b6 10. cxd5 cxd5 11. O-O Bb7 12. Bb1 Re8 1/2-1/2

[Event "NB II. Szechenyi csoport"]
[Site "Keszthely"]
[Date "2023.10.08"]
[Round "1.7"]
[White "Preisz, Balazs"]
[Black "Suket, Ferenc"]
[Result "1-0"]
[WhiteElo "1933"]
[BlackElo "1793"]
[PlyCount "51"]
[EventDate "2023.10.08"]
[EventType "team-tourn"]
[EventRounds "9"]
[EventCountry "HUN"]
[Source "chess.hu"]
[WhiteTeam "Z. Baki Agrocentrum"]
[BlackTeam "Spartacus Sportkor"]
[WhiteTeamCountry "HUN"]
[BlackTeamCountry "HUN"]

1. e4 e5 2. Nf3 Nc6 3. Bb5 Nd4 4. Nxd4 exd4 5. O-O Bc5 6. d3 c6 7. Bc4 d6 8.
Qf3 Qf6 9. Qg3 Qg6 10. Qxg6 hxg6 11. Nd2 Ke7 12. Nf3 f6 13. Bf4 Be6 14. Bxe6
Kxe6 15. c3 dxc3 16. bxc3 g5 17. Bg3 Ne7 18. d4 Bb6 19. h3 Ng6 20. Rfe1 Kd7 21.
e5 Nf4 22. Bxf4 gxf4 23. exf6 gxf6 24. Re4 Ba5 25. Rc1 Rag8 26. Kf1 1-0

[Event "NB II. Szechenyi csoport"]
[Site "Keszthely"]
[Date "2023.10.08"]
[Round "1.8"]
[White "Suket, Mark"]
[Black "Korcz, Sandor"]
[Result "1-0"]
[WhiteElo "1707"]
[BlackElo "1884"]
[PlyCount "95"]
[EventDate "2023.10.08"]
[EventType "team-tourn"]
[EventRounds "9"]
[EventCountry "HUN"]
[Source "chess.hu"]
[WhiteTeam "Spartacus Sportkor"]
[BlackTeam "Z. Baki Agrocentrum"]
[WhiteTeamCountry "HUN"]
[BlackTeamCountry "HUN"]

1. e4 c5 2. Nf3 Nc6 3. d4 cxd4 4. Nxd4 d6 5. Nc3 Nf6 6. Be2 e5 7. Nb3 h6 8. Be3
Be7 9. f3 Be6 10. O-O O-O 11. Nd5 Bxd5 12. exd5 Na5 13. Nxa5 Qxa5 14. c4 Nd7
15. Qd2 Qd8 16. f4 Bf6 17. Rae1 b6 18. Rf3 exf4 19. Rxf4 Bg5 20. Rf5 Bxe3+ 21.
Qxe3 g6 22. Rf3 Kg7 23. Ref1 Ne5 24. Rf6 Qe7 25. Qf4 Rad8 26. Qd4 Kh7 27. Bd3
Nd7 28. R6f3 f5 29. Re3 Ne5 30. b4 Qf6 31. Qf4 Rde8 32. Bc2 Ng4 33. Rxe8 Rxe8
34. Qxg4 Re1 35. Qf4 Qa1 36. Bb3 Qc3 37. b5 Kg7 38. Rxe1 Qxe1+ 39. Qf1 Qe4 40.
h3 f4 41. Qf3 Qe5 42. Qd3 Qe1+ 43. Kh2 Qe5 44. Qf3 g5 45. Bd1 Kf6 46. Qe2 Qc3
47. Bc2 Qg3+ 48. Kh1 1-0

[Event "NB II. Szechenyi csoport"]
[Site "Keszthely"]
[Date "2023.10.08"]
[Round "1.9"]
[White "Nagy, Benedek"]
[Black "Gyorfi, Norbert"]
[Result "1-0"]
[WhiteElo "1762"]
[BlackElo "1656"]
[PlyCount "58"]
[EventDate "2023.10.08"]
[EventType "team-tourn"]
[EventRounds "9"]
[EventCountry "HUN"]
[Source "chess.hu"]
[WhiteTeam "Z. Baki Agrocentrum"]
[BlackTeam "Spartacus Sportkor"]
[WhiteTeamCountry "HUN"]
[BlackTeamCountry "HUN"]

1. e4 Nf6 2. Nc3 d5 3. exd5 Nxd5 4. Nf3 Bg4 5. Bc4 e6 6. O-O Be7 7. d4 O-O 8.
Bd3 Nd7 9. h3 Bxf3 10. Qxf3 N7f6 11. Ne4 c6 12. c3 Nxe4 13. Qxe4 Nf6 14. Qf3
Qd5 15. Qe2 b5 16. Bf4 Bd6 17. Be5 Be7 18. f4 Rad8 19. Rf3 a6 20. Rg3 g6 21. f5
exf5 22. Bxf5 Bd6 23. Rf1 Bxe5 24. dxe5 Qc5+ 25. Kh1 Rde8 26. Re1 Nd5 27. Bd7
Re7 28. e6 Nf4 29. Qg4 Nxe6 1-0

[Event "NB II. Szechenyi csoport"]
[Site "Keszthely"]
[Date "2023.10.08"]
[Round "1.10"]
[White "Vajda, Lajos"]
[Black "Cseke, Mihaly"]
[Result "0-1"]
[WhiteElo "1744"]
[BlackElo "1783"]
[PlyCount "76"]
[EventDate "2023.10.08"]
[EventType "team-tourn"]
[EventRounds "9"]
[EventCountry "HUN"]
[Source "chess.hu"]
[WhiteTeam "Spartacus Sportkor"]
[BlackTeam "Z. Baki Agrocentrum"]
[WhiteTeamCountry "HUN"]
[BlackTeamCountry "HUN"]

1. c4 c5 2. Nc3 Nc6 3. g3 g6 4. Bg2 Bg7 5. e3 e6 6. Nge2 Nge7 7. O-O O-O 8. d4
cxd4 9. exd4 Nf5 10. d5 Ne5 11. b3 d6 12. Bb2 Rb8 13. h3 Bd7 14. f4 Qb6+ 15.
Rf2 Nxc4 16. bxc4 Qxb2 17. Rb1 Qa3 18. Qd3 b5 19. cxb5 Rfc8 20. Rb3 Qa5 21. a4
Qb6 22. Nd1 Nd4 23. Ra3 Nxe2+ 24. Qxe2 exd5 25. Bxd5 Bd4 26. Qe7 Bxf2+ 27. Nxf2
Be8 28. Kg2 Rc2 29. Rf3 Qc5 30. Qe4 Rd2 31. Bb3 a6 32. f5 Qe5 33. Qg4 d5 34.
Qg5 axb5 35. Qxd2 Bc6 36. axb5 Rxb5 37. fxg6 hxg6 38. Re3 Qxe3 0-1